000 00562nam a2200181 4500
001 113115
003 ES-MaACL
005 20240416102839.0
007 t|
008 061121s1958 sp r ||||1| spa d
100 1 _aMussolini, Vittorio.
_984708
245 1 3 _aLa vida con mi padre /
_cVittorio Mussolini ; traducción y notas de Jesús López Pacheco.
260 _aMadrid :
_bCid,
_c1958.
300 _a277 p. 6 lám. ;
_c20 cm.
700 1 _aLópez Pacheco, Jesús,
_d1930-1997
_973855
852 _aES-MaACL
_jC-14235
_bR.41967
999 _c113115
_d113115